| 000 | 08433ncm0a2200577 4500 | ||
|---|---|---|---|
| 001 | RU\NLR\ONIZ\213644 | ||
| 005 | 20250625215029.0 | ||
| 021 |
_aRU _b07-45 _907-2 |
||
| 035 | _a(NLR Aleph) 011200014 | ||
| 090 |
_a11916185 _c11916185 |
||
| 100 | _a20160216d2006 |||y0rusy50 ca | ||
| 101 | 0 |
_ager _arus |
|
| 102 | _aRU | ||
| 125 | _axx | ||
| 128 |
_ali _armc |
||
| 145 | 0 | _ac | |
| 200 | 1 |
_aРомансы _bНоты _dDie Lieder _eдля голоса в сопровожд. фп. _fИ. Б. Брайловская (А. Б. Головенчиц) _zger |
|
| 210 |
_aСанкт-Петербург _c[Б. и.] _d2006 |
||
| 215 |
_a37, [1] с. _d20 см |
||
| 225 | 1 | _aРепертуар вокалиста | |
| 313 | _aСистематизация документа проведена по изданию - Методика классифицирования музыкальных произведений (нотных изданий) по таблицам Библиотечно-библиографических классификаций : метод. рекомендации / Гос. б-ка СССР им. В.И. Ленина.- М., 1977. Индексу ББК методических рекомендаций присваивается код ББК для научных библиотек - LBC/SL | ||
| 327 | 1 |
_a1. Черноволосая дикарка : "Не потому ли часто снишься..." / стихи В. Василевского. _a2. Звезды : "Звезды ночью..." / стихи И. Бунина. _a3. Русская песня : "Так и рвется душа..." / стихи А. Кольцова. _a4. Мимоза : "Цветут камелия и роза..." / стихи Л. Мея. _a5. Танго : "Когда в объятия мои..." / стихи А. Пушкина ; _a6. To Dawe, esq = Господину Дау : "Зачем твой дивный..." / стихи А. Пушкина. _a7. Ива : "Сядем здесь, у этой ивы..." / стихи А. Фета. _a8. Романс-мазурка : "Где девчонка эта..." / стихи Г. Гейне ; пер. П. Карпа ; _a9. Урок : "Пчелке твердила мать..." = Die Lehre = "Mutter zum Bienelein..." / стихи Г. Гейне ; пер. В. Зоргенфрея. _a10. Гению весны : "Привет тебе, прекрасный..." = An den Frühling = "Willkommen, schöner Jüngling!" / стихи Ф. Шиллера ; пер. К. Фофанова. _a11. Еврейская мелодия : "Душа моя мрачна..." = "My soul is dark" / стихи М. Лермонтова ; (из Байрона). _a12. День города : "Петербург-Петроград..." / стихи Л. Антоновой |
|
| 464 | 0 |
_12001#$aЧерноволосая дикарка$e"Не потому ли часто снишься..."$fстихи В. Василевского _1215##$aС.3-5 _1702#1$9z01790$aВасилевский$bВ.$4520 _1790#1$9z01702$aVasilevskij$bV.$4520 _tЧерноволосая дикарка |
|
| 464 | 0 |
_12001#$aЗвезды$e"Звезды ночью..."$fстихи И. Бунина _1215##$aС.6-7 _1702#1$9z01790$aБунин$bИ.А.$gИван Алексеевич$f1870-1953$4520 _1790#1$9z01702$aBunin$bI. A.$gIvan Alexeevich$f1870-1953$4520$7ba _tЗвезды |
|
| 464 | 0 |
_12001#$aРусская песня$e"Так и рвется душа..."$fстихи А. Кольцова _1215##$aС.8-10 _1702#1$9z01790$aКольцов$bА. В.$gАлексей Васильевич$cпоэт$f1809-1842$4520$7ca _1790#1$9z01702$aKol`cov$bA. V.$gAleksej Vasil`jevič$f1809-1842$4520$7ba _tРусская песня |
|
| 464 | 0 |
_12001#$aМимоза$e"Цветут камелия и роза..."$fстихи Л. Мея _1215##$aС.11 _1702#1$9z01790$aМей$bЛ.А.$gЛев Александрович$f1822-1862$4520$7ca _1702#1$9z02790$aШипова$gГалина$4280 _1790#1$9z01702$aMej$bL. A.$gLev Aleksandrovič$f1822-1862$4520$7ba _1790#1$9z02702$aShipova$bG.$gGalina$4280 _tМимоза |
|
| 464 | 0 |
_12001#$aТанго$e"Когда в объятия мои..."$fстихи А. Пушкина _1215##$aС.12-14 _1702#1$9z01790$aПушкин$bА. С.$gАлександр Сергеевич$f1799-1837$4520$7ca _1790#1$9z01702$aPushkin$bA. S.$gAleksandr Sergeevich$f1799-1837$4520$7ba _tТанго |
|
| 464 | 0 |
_12001#$aTo Dawe, esq$dГосподину Дау$e"Зачем твой дивный..."$zeng$fстихи А. Пушкина _1215##$aС.15-16 _1702#1$9z02790$aПушкин$bА. С.$gАлександр Сергеевич$f1799-1837$4520$7ca _1702#1$9z03790$aЗавилянский$gИгорь$4280 _1790#1$9z02702$aPushkin$bA. S.$gAleksandr Sergeevich$f1799-1837$4520$7ba _1790#1$9z03702$aZavilyanskij$bI.$gIgor'$4280 _tTo Dawe, esq |
|
| 464 | 0 |
_12001#$aИва$e"Сядем здесь, у этой ивы..."$fстихи А. Фета _1215##$aС.17-18 _1702#1$9z01790$aФет$bА. А.$gАфанасий Афанасьевич$f1820-1892$4520$7ca _1702#1$9z02790$aПанина$gОльга$4280 _1790#1$9z01702$aFet$bA. A.$gAfanasij Afanas`evič$f1820-1892$4520$7ba _1790#1$9z02702$aPanina$bO.$gOl'ga$4280 _tИва |
|
| 464 | 0 |
_12001#$aРоманс-мазурка$e"Где девчонка эта..."$fстихи Г. Гейне$gпер. П. Карпа _1215##$aС.19-21 _1702#1$9z01790$aГейне$bГ.$gГенрих$f1797-1856$4520$7ca _1702#1$9z02790$aКарп$bП.М.$gПоэль Меерович$f1925–$4730 _1790#1$9z01702$aHeine$bH.(.J.$gHeinrich (Christian Johann)$f1797-1856$4520$7ba _1790#1$9z02702$aKarp$bP.M.$gPoel Meerovich$f1925$4730 _tРоманс-мазурка |
|
| 464 | 0 |
_12001#$aУрок$e"Пчелке твердила мать..."$dDie Lehre$d"Mutter zum Bienelein..."$zger$zger$fстихи Г. Гейне$gпер. В. Зоргенфрея _1215##$aС.22-24 _1702#1$9z02790$aГейне$bГ.$gГенрих$f1797-1856$4520 _1702#1$9z03790$aЗоргенфрей$bВ. А.$gВильгельм Александрович$f1882–1938$4730 _1790#1$9z02702$aHeine$bH.$gHeinrich$f1797-1856$4520 _1790#1$9z03702$aSorgenfrei$bW. A.$gWilhelm Aleksandrovich$f1882–1938$4730 _tУрок |
|
| 464 | 0 |
_12001#$aГению весны$e"Привет тебе, прекрасный..."$dAn den Frühling$d"Willkommen, schöner Jüngling!"$zger$zger$fстихи Ф. Шиллера$gпер. К. Фофанова _1215##$aС.25-28 _1702#1$9z01790$aШиллер$bФ.$gФридрих$f1759-1805$4520$7ca _1702#1$9z02790$aФофанов$bК.М.$gКонстантин Михайлович$f1862-1911$4730 _1790#1$9z01702$aSchiller$bF.$gFriedrich$f1759-1805$4520$7ba _1790#1$9z02702$aFofanov$bK.M.$gKonstantin Michaylovich$f1862-1911$4730 _tГению весны |
|
| 464 | 0 |
_12001#$aЕврейская мелодия$e"Душа моя мрачна..."$d"My soul is dark"$zeng$fстихи М. Лермонтова$g(из Байрона) _1215##$aС.29-35 _1300##$aПриводится также текст на нем. яз., идише _1702#1$9z01790$aЛермонтов$bМ. Ю.$gМихаил Юрьевич$f1814-1841$4520$7ca _1702#1$9z02790$aБайрон$bД.Г.$gДжордж Гордон$f1788-1824$4245$7ca _1790#1$9z01702$aLermontov$bM. J.$gMichail Jur`evič$f1814-1841$4520$7ba _1790#1$9z02702$aByron$bG.G.$gGeorge Gordon$f1788-1824$4245$7ba _tЕврейская мелодия |
|
| 464 | 0 |
_12001#$aДень города$e"Петербург-Петроград..."$fстихи Л. Антоновой _1215##$aС.36-37 _1702#1$9z01790$aАнтонова$bЛ.$4520 _1790#1$9z01702$aAntonova$bL.$4520 _tДень города |
|
| 512 | 1 | _aDie Lieder | |
| 606 | 1 |
_aВокальная музыка русская _yРоссия _z19-21 вв. _jНоты _2nlr_sh |
|
| 608 |
_aРоманс (вокальный) _xНоты _yРоссия _z20-21 вв. _2nlr_sh |
||
| 686 |
_aЩ943.4-42-043.3(2Р)я44 _vLBC/SL _2rubbk |
||
| 700 | 1 |
_9z01790 _aБрайловская _bИ. Б. _gИрина Борисовна _4230 _7ca |
|
| 790 | 1 |
_9z01700 _aBrajlovskaja _bI. B. _gIrina Borisovna _4230 _7ba |
|
| 801 | 0 |
_aRU _bNLR _c20160216 _gPSBO |
|
| 801 | 1 |
_aRU _bNLR _c20160216 _2rusmarc |
|
| 801 | 2 |
_aRU _bNLR _c20190630 |
|
| 852 |
_aNLR _bМ _j986/350 _p279835 _t1 |
||
| 852 |
_aNLR _bМ _j986/350а _p279836 _t2 |
||
| 852 |
_aNLR _bМ _jК-2/4418 _pМОЭ 2007-2/45 _t3 |
||
| 852 |
_aNLR _bМ _jК-2/4418а _pМОЭ 2007-2/45а _t4 |
||
| 942 | _cSCORE | ||
| 980 | _aNB | ||
| 980 | _aONIZ | ||